Keluarga Nabi Muhammad S.A.W / (Record no. 1279)

000 -LEADER
fixed length control field nam a22 a 4500
003 - CONTROL NUMBER IDENTIFIER
control field AKMAL
005 - DATE AND TIME OF LATEST TRANSACTION
control field 20170509090532.0
008 - FIXED-LENGTH DATA ELEMENTS--GENERAL INFORMATION
fixed length control field 170509s1996 my | d b l000 | may d
020 ## - INTERNATIONAL STANDARD BOOK NUMBER
International Standard Book Number 9839118919 (kkt.) :
Terms of availability RM12.90
040 ## - CATALOGING SOURCE
Original cataloging agency AKMAL
082 ## - DEWEY DECIMAL CLASSIFICATION NUMBER
Classification number 297.64 ABB
Edition number 21
090 00 - LOCALLY ASSIGNED LC-TYPE CALL NUMBER (OCLC); LOCAL CALL NUMBER (RLIN)
Classification number (OCLC) (R) ; Classification number, CALL (RLIN) (NR) 297.64
Local cutter number (OCLC) ; Book number/undivided call number, CALL (RLIN) ABB
100 1# - MAIN ENTRY--PERSONAL NAME
Personal name Abbasi, S.M. Madni
9 (RLIN) 1991
245 10 - TITLE STATEMENT
Title Keluarga Nabi Muhammad S.A.W /
Statement of responsibility, etc. S.M. Madni Abbasi terjemahan Siti Sujinah Sarnap, Al Haqir Hamizan Hussin
260 ## - PUBLICATION, DISTRIBUTION, ETC.
Place of publication, distribution, etc. Johor Bahru :
Name of publisher, distributor, etc. Perniagaan Jahabersa ,
Date of publication, distribution, etc. 1996
300 ## - PHYSICAL DESCRIPTION
Extent xxiii, 213ms. ;
Dimensions 22cm.
500 ## - GENERAL NOTE
General note Terjemahan dari: Family of the Holy Prophet
504 ## - BIBLIOGRAPHY, ETC. NOTE
Bibliography, etc. note Bibliografi: ms. 210-213
650 ## - SUBJECT ADDED ENTRY--TOPICAL TERM
Topical term or geographic name entry element Muhammad,
Location of event Prophet,
Active dates -632
General subdivision Family
9 (RLIN) 2530
650 ## - SUBJECT ADDED ENTRY--TOPICAL TERM
Topical term or geographic name entry element Muhammad,
Location of event Prophet,
Active dates d. 632
General subdivision Family
Form subdivision Biography
9 (RLIN) 2531
700 0# - ADDED ENTRY--PERSONAL NAME
Personal name Siti Sujinah Sarnap
9 (RLIN) 2532
700 0# - ADDED ENTRY--PERSONAL NAME
Personal name Al-Haqir Hamizan Hussin
9 (RLIN) 2533
942 ## - ADDED ENTRY ELEMENTS (KOHA)
Source of classification or shelving scheme
Koha item type Book
Holdings
Withdrawn status Lost status Source of classification or shelving scheme Damaged status Not for loan Collection code Home library Current library Shelving location Date acquired Inventory number Total Checkouts Full call number Barcode Date last seen Price effective from Koha item type
          NON-FICTION AKMAL Melaka AKMAL Melaka PINJAMAN 09.05.2017 000349   297.64 ABB 201702494 09.05.2017 09.05.2017 Book
Pusat Sumber Maklumat Dato' Haji Sarmin Md Hussin, Akademi Kastam Diraja Malaysia, Melaka
Tel: 06-2331106 | Faks: 06-2313787